| 000 | 00419cam a2200181ua 4500 | ||
|---|---|---|---|
| 020 | _c2.00 | ||
| 041 |
_ahin _h |
||
| 082 |
_a891.54 _bFRE/RA |
||
| 100 | _aFreeman, Ira M . | ||
| 245 |
_aRasayan ki kahani / _cIra M Freeman. _hTextual Documents |
||
| 250 |
_a2 / _b. |
||
| 260 |
_a : _bRajpal and Sanch , _c1960. |
||
| 300 | _a132 ; . | ||
| 365 | _a2.00 | ||
| 504 | _a | ||
| 942 | _cBK | ||
| 999 |
_c8281 _d8281 |
||